000
00254nam a22000977a 4500
008
241128b |||||||| |||| 00| 0 eng d
020
_a
9788129135810
100
_a
Ghosh Biswadeep
_9
7816
245
_a
The Man, The Leader MSD
260
_a
New Delhi
_b
Rupa
_c
2023
999
_c
12717
_d
12717